Que vont devenir les actions du Secrétariat de politique pour les femmes (SPM) au Brésil ? (notice n° 1580917)
[ vue normale ]
| 000 -LEADER | |
|---|---|
| fixed length control field | 02337cam a2200193 4500500 |
| 005 - DATE AND TIME OF LATEST TRANSACTION | |
| control field | 20251228050652.0 |
| 041 ## - LANGUAGE CODE | |
| Language code of text/sound track or separate title | fre |
| 042 ## - AUTHENTICATION CODE | |
| Authentication code | dc |
| 100 10 - MAIN ENTRY--PERSONAL NAME | |
| Personal name | Bandeira, Lourdes Maria |
| Relator term | author |
| 245 00 - TITLE STATEMENT | |
| Title | Que vont devenir les actions du Secrétariat de politique pour les femmes (SPM) au Brésil ? |
| 260 ## - PUBLICATION, DISTRIBUTION, ETC. | |
| Date of publication, distribution, etc. | 2016.<br/> |
| 500 ## - GENERAL NOTE | |
| General note | 52 |
| 520 ## - SUMMARY, ETC. | |
| Summary, etc. | Les luttes féministes et les luttes de femmes pour l’égalité des sexes sont à l’origine d’une série de dispositions internationales remontant à plus d’un demi-siècle, qui visent à combattre les discriminations. Grâce aux luttes sociales, elles ont été ratifiées par le Brésil et ont conduit, au cours des vingt dernières années, à l’adoption de multiples outils en faveur de l’égalité des sexes. Toutefois, comme le montre cet article, les dispositions légales en question ne suffisent pas à éliminer les inégalités qui pèsent sur la vie professionnelle des femmes. |
| 520 ## - SUMMARY, ETC. | |
| Summary, etc. | Feminist struggles and the struggles of women for gender equality have sparked a series of international measures that go back over half a century, aimed at fighting discrimination. Thanks to social struggles, these have been ratified by Brazil and have led, over the course of the past twenty years, to the adoption of numerous tools for the promotion of gender equality. However, as this article shows, the legal provisions in question are not enough to cancel out the inequalities weighing upon women’s professional lives. |
| 520 ## - SUMMARY, ETC. | |
| Summary, etc. | Las luchas feministas y las luchas de mujeres para la igualdad de sexos se encuentran al origen de una serie de disposiciones internacionales remontándose a más de cincuenta años, que pretenden combatir las discriminaciones. Gracias a las luchas sociales, han estado ratificadas por Brasil y han llevado, en los últimos veinte años, a la adopción de varias herramientas en favor de la igualdad de sexos. Sin embargo, como lo muestra este artículo, las disposiciones legales en cuestión no son suficientes para eliminar las desigualdades que pesan sobre la vida profesional de las mujeres. |
| 700 10 - ADDED ENTRY--PERSONAL NAME | |
| Personal name | Hirata, Helena |
| Relator term | author |
| 786 0# - DATA SOURCE ENTRY | |
| Note | Cahiers du Genre | HS 4 | 3 | 2016-10-01 | p. 243-246 | 1298-6046 |
| 856 41 - ELECTRONIC LOCATION AND ACCESS | |
| Uniform Resource Identifier | <a href="https://shs.cairn.info/revue-cahiers-du-genre-2016-3-page-243?lang=fr&redirect-ssocas=7080">https://shs.cairn.info/revue-cahiers-du-genre-2016-3-page-243?lang=fr&redirect-ssocas=7080</a> |
Pas d'exemplaire disponible.




Réseaux sociaux